000 00786cab a2200205 4500
001 ABS36984
008 090401t1986 xxu||||| |||| 00| 0 eng d
035 _a(Sirsi) u1353
041 0 _aeng
100 1 _aFranks, J. A.
245 0 0 _a99 Bishopsgate
_ba guided tour
260 _c1986
490 0 _aEstates Gazette
_v280(6305) 11 October 1986, 160-164 (2)
520 _aLooks back at the CA case "99 Bishopsgate Ltd v Prudential Assurance Co Ltd" (Chd, Abs45747) and questions whether the judge's decision was correct.
650 2 4 _a99 BISHOPSGATE LTD V PRUDENTIAL ASSURANCE CO LTD
651 4 _aEngland and Wales
_y1543-
690 _aPROPERTY-COMMERCIAL PROPERTY-COMMERCIAL LANDLORD AND TENANT-COMMERCIAL LEASES-RENT REVIEW (COMMERCIAL LEASES)
942 _n0
948 _c04/03/1997
999 _c744
_d744